| 000 | 01805nam a2200277 a 4500 | ||
|---|---|---|---|
| 008 | 120416s1999 ||||||||||||||||| || u | ||
| 020 | _a074873998X | ||
| 050 | _aTA 405 Ger | ||
| 100 | _aTimoshenko, Stephen P | ||
| 245 | 1 | 0 | _aMechanics of materials.--4th SI ed. |
| 250 | _a4th.SI ed | ||
| 260 |
_aLondon: _bStanley Thornes _c1999 |
||
| 300 | _a913p. : ill. | ||
| 350 | _a0.00 | ||
| 650 | _aMECHANICS | ||
| 650 | 0 | _aSTRENGTH OF MATERIALS | |
| 700 | _aGere, James M | ||
| 995 |
_aMAIN LIBRARY OPEN ACCESS _D0.00 _e735119 _FCBU-MAIN LIBRARY (Kitwe) _H2 _I105000.00 _jTA 405 Ger _M2 _ULOST _VMar 7, 2013 _y735119 _ZMain Library Open Access Collection |
||
| 995 |
_aBINDERY (DAMAGED) _D0.00 _e734743 _FCBU-MAIN LIBRARY (Kitwe) _H6 _I105000.00 _jTA 405 Ger _M6 _UDAMAGED _WApr 26, 2006 _y47909 _ZMain Library Open Access Collection |
||
| 995 |
_aMAIN LIBRARY OPEN ACCESS _D0.00 _e38267 _FCBU-MAIN LIBRARY (Kitwe) _H5 _I105000.00 _jTA 405 Ger _M5 _UAVAILABLE _y38267 _ZMain Library Open Access Collection |
||
| 995 |
_aMAIN LIBRARY OPEN ACCESS _D0.00 _e731603 _FCBU-MAIN LIBRARY (Kitwe) _H3 _I105000.00 _jTA 405 Ger _M3 _UAVAILABLE _y028830 _ZMain Library Open Access Collection |
||
| 995 |
_aBINDERY (DAMAGED) _D0.00 _e730998 _FCBU-MAIN LIBRARY (Kitwe) _H1 _I0.00 _jTA 405 Ger _M7 _UDAMAGED _WAug 8, 2006 _y028263 _ZMain Library Open Access Collection |
||
| 995 |
_aMAIN LIBRARY OPEN ACCESS _D0.00 _e735120 _FCBU-MAIN LIBRARY (Kitwe) _H4 _I105000.00 _jTA 405 Ger _M4 _UAVAILABLE _y38269 _ZMain Library Open Access Collection |
||
| 995 |
_aMAIN LIBRARY OPEN ACCESS _D0.00 _e740699 _FCBU-MAIN LIBRARY (Kitwe) _H1 _I0.00 _jTA 405 Ger _M8 _UAVAILABLE _WFeb 19, 2010 _y740699 _ZMain Library Open Access Collection |
||
| 995 |
_aBINDERY (DAMAGED) _D0.00 _e731604 _FCBU-MAIN LIBRARY (Kitwe) _H1 _I105000.00 _jTA 405 Ger _M1 _UDAMAGED _y028787 _ZMain Library Open Access Collection |
||
| 999 |
_c82846 _d82846 |
||